New Mexico, Belen : 100 000-scale topographic map : 30 X 60 minute series (topographic) /

Bibliographic Details
Corporate Authors: United States. Bureau of Land Management, National Science and Technology Center (U.S.), United States. Bureau of Land Management. New Mexico State Office
Format: Government Document Map
Language:English
Published: Reston, Va. : Denver, Colo. : U.S. Dept. of the Interior, Bureau of Land Management ; U.S. Geological Survey, 2006.
Edition:BLM 2006.
Series:Minerals management status, surface management status
Subjects:

MARC

Tag First Indicator Second Indicator Subfields
LEADER 00000cem a2200000Ia 4500
001 in00002178136
005 20151104062435.0
007 aj canzn
008 060724s2006 vauag cc a f 1 eng d
034 1 |a a  |b 100000  |d W1070000  |e W1060000  |f N0350000  |g N0343000 
035 |a (OCoLC)ocm70669796 
040 |a GPO  |c GPO  |d MvI  |d UtOrBLW 
043 |a n-us-nm 
049 |a UDOC 
052 |a 4321 
074 |a 0619-G-16 
086 0 |a I 53.11/4-2:34106-E 1-TM-100/2006 
110 1 |a United States.  |b Bureau of Land Management. 
245 1 0 |a New Mexico, Belen :  |b 100 000-scale topographic map : 30 X 60 minute series (topographic) /  |c edited and published by the Bureau of Land Management National Science and Technology Center in cooperation with the Bureau ... New Mexico State Office. 
246 1 |i Filing title:  |a Belen, New Mexico 
250 |a BLM 2006. 
255 |a Scale 1:100,000 ;  |b Lambert conformal conic proj.  |c (W 107⁰00ʹ--W 106⁰00ʹ/N 35⁰00ʹ--N 34⁰30ʹ). 
264 1 |a Reston, Va. :  |b U.S. Dept. of the Interior, Bureau of Land Management ;  |a Denver, Colo. :  |b U.S. Geological Survey,  |c 2006. 
264 2 |a Santa Fe. MN :  |b For sale by BLM New Mexico State Office ; 
300 |a 1 map :  |b color ;  |c 56 x 91 cm., folded to 23 x 11 cm. 
336 |a cartographic image  |b cri  |2 rdacontent 
337 |a unmediated  |b n  |2 rdamedia 
338 |a sheet  |b nb  |2 rdacarrier 
490 1 |a Minerals management status, surface management status 
500 |a Relief shown by contours and spot heights. 
500 |a Shows minerals owned by the Federal government, and township and range lines. 
500 |a Shipping list number: 2006-0235-P. 
500 |a USGS base map dated 1979. 
500 |a Includes location map and index to adjoining maps. 
500 |a Shipping List Date: 07/17/2006 
500 |a Cartographic material. 
650 0 |a Mines and mineral resources  |z New Mexico  |v Maps. 
650 0 |a Land use, Rural  |z New Mexico  |v Maps. 
651 0 |a New Mexico  |v Maps. 
710 2 |a National Science and Technology Center (U.S.) 
710 1 |a United States.  |b Bureau of Land Management.  |b New Mexico State Office. 
810 1 |a United States.  |b Bureau of Land Management.  |t Surface-minerals management status. 
999 |a MARS 
999 f f |s 46d97c39-4cef-31ab-9dc7-06e6c1dd1fca  |i ef6f1d8e-775e-3429-905a-b2947aae7dea  |t 0 
952 f f |p normal  |a Texas A&M University  |b College Station  |c Sterling C. Evans Library  |d Evans: Maps (2nd floor)  |t 0  |e G3701.G5 s100 .U5 Belen, NM (MM) 2006  |h Library of Congress classification  |i unmediated -- sheet  |m A14834529910 
998 f f |a G3701.G5 s100 .U5 Belen, NM (MM) 2006  |t 0  |l Evans: Maps (2nd floor)